Top 100 Biggest Countries - Sudden Death - Statistics

General Stats
  • This quiz has been taken 60 times
    25 since last reset
  • The average score is 8 of 16
Answers on the Grid
Answers color-coded by a green-red scale on the quiz's grid according to % correct below.
Tanzania
Greece
Cuba
Uruguay
Denmark
Panama
Portugal
Ecuador
South Korea
Eritrea
Kiribati
Papua New Guinea
Zimbabwe
Serbia
Iran
Uzbekistan
Vanuatu
Mongolia
United Kingdom
Albania
Guatemala
Comoros
Finland
Afghanistan
Burundi
Malawi
Kyrgyzstan
Samoa
Jordan
Gambia
 
Answer Stats
Answer % Correct
Tanzania
85%
Afghanistan
80%
Mongolia
80%
Iran
75%
Uzbekistan
75%
United Kingdom
70%
Papua New Guinea
55%
Finland
50%
Greece
45%
Zimbabwe
45%
Kyrgyzstan
40%
Denmark
25%
Ecuador
15%
Malawi
15%
Eritrea
10%
Uruguay
10%
No matching quizzes found
Score Distribution
Percent of People with Each Score
Percentile by Number Answered
Your Score History
You have not taken this quiz since the last reset